<?xml version="1.0" encoding="UTF-8"?>
<marc:record xmlns:marc="http://www.loc.gov/MARC21/slim">
   <marc:leader>00000nam a2200000 a 4500</marc:leader>
   <marc:datafield ind1=" " ind2=" " tag="653">
      <marc:subfield code="a">Wissenschaft</marc:subfield>
   </marc:datafield>
   <marc:datafield ind1=" " ind2=" " tag="653">
      <marc:subfield code="a">Historische Stätte</marc:subfield>
   </marc:datafield>
   <marc:datafield ind1=" " ind2=" " tag="653">
      <marc:subfield code="a">Geistesgeschichte</marc:subfield>
   </marc:datafield>
   <marc:datafield ind1=" " ind2=" " tag="653">
      <marc:subfield code="a">Softcover / Belletristik/Essays</marc:subfield>
   </marc:datafield>
   <marc:datafield ind1=" " ind2=" " tag="653">
      <marc:subfield code="a">Feuillton</marc:subfield>
   </marc:datafield>
   <marc:datafield ind1=" " ind2=" " tag="653">
      <marc:subfield code="a">Literaturkritik</marc:subfield>
   </marc:datafield>
   <marc:datafield ind1=" " ind2=" " tag="653">
      <marc:subfield code="a">Interviews</marc:subfield>
   </marc:datafield>
   <marc:datafield ind1=" " ind2=" " tag="653">
      <marc:subfield code="a">Aufsatzsammlung</marc:subfield>
   </marc:datafield>
   <marc:datafield ind1="0" ind2="0" tag="245">
      <marc:subfield code="a">Mekkas der Moderne</marc:subfield>
   </marc:datafield>
   <marc:datafield ind1="0" ind2="0" tag="245">
      <marc:subfield code="b">Pilgerstätten der Wissensgesellschaft</marc:subfield>
   </marc:datafield>
   <marc:datafield ind1=" " ind2="1" tag="264">
      <marc:subfield code="a">Köln</marc:subfield>
      <marc:subfield code="b">Böhlau</marc:subfield>
      <marc:subfield code="c">2010</marc:subfield>
   </marc:datafield>
   <marc:datafield ind1="1" ind2=" " tag="520">
      <marc:subfield code="a">Angaben aus der Verlagsmeldung

Mekkas der Moderne : Pilgerstätten der Wissensgesellschaft

Der Katholizismus hat den Vatikan, das Judentum hat die Klagemauer, der Islam hat Mekka. Doch es gibt auch Orte, an denen sich Aufklärung und Moderne ihrer Ursprünge versichern. Sie sind die säkularen Pilgerstätten der Wissensgesellschaft. Sie sind nicht nur Orte der kühlen Erkenntnis, sondern auch der sinnlichen Anschauung oder gar des emotionalen Berührtseins. Diese Mekkas der Moderne haben eine ganz eigene Aura. Oft betreten die Besucher sie mit Ehrfurcht: so etwa das Teilchenforschungszentrum CERN in Genf oder das British Museum in London, das jährlich fast fünf Millionen Besucher aus aller Welt anzieht – weit mehr als der Vatikan oder selbst Mekka. Wissenschaftler, Schriftsteller und Journalisten laden zu einer einzigartigen Weltreise ein, einer Grand Tour des 21. Jahrhunderts: von Freuds Behandlungszimmer in Wien bis zu den Galápagos-Inseln, von Nietzsches Grab bis zum Weltraumbahnhof in Cape Canaveral, von der Heimat des Blues in Afrika bis zum Pantheon der Gehirne in Moskau.
</marc:subfield>
   </marc:datafield>
   <marc:datafield ind1=" " ind2=" " tag="020">
      <marc:subfield code="a">9783412205294</marc:subfield>
      <marc:subfield code="9">9783412205294</marc:subfield>
   </marc:datafield>
   <marc:datafield ind1=" " ind2=" " tag="300">
      <marc:subfield code="a">422 S.</marc:subfield>
   </marc:datafield>
</marc:record>
